Molecular conformation, dynamics, and chemical shift anisotropy of high impact polystyrene: temperature dependence and stress dependence studies (Record no. 63187)

MARC details
000 -LEADER
fixed length control field 01455nam a2200145Ia 4500
100 ## - MAIN ENTRY--AUTHOR NAME
Personal name Som Fauzi Mohd
245 #0 - TITLE STATEMENT
Title Molecular conformation, dynamics, and chemical shift anisotropy of high impact polystyrene: temperature dependence and stress dependence studies
260 ## - PUBLICATION, DISTRIBUTION, ETC. (IMPRINT)
Name of publisher Journal of Rubber Research
Year of publication 1999
300 ## - PHYSICAL DESCRIPTION
Number of Pages 169-182
520 ## - SUMMARY, ETC.
Summary, etc Variable temperature and variable stress nuclear magnetic resonance spectroscopic and imaging studies are reported for a commercial sample of high impact polystyrene. Liquid nuclear magnetic resonance microscopy and solid state stray field imaging studies indicated that imposed stress affects the molecular chain dynamics only of the polybutadiene region and not of the polystyrene (PS) matrix. The molecular chain dynamics of the components of the composite were further studied by variable temperature relaxation time and chemical shift anisotropy (CSA) measurements. The variable temperature (30 o C - 210 o C)1H spin-lattice relaxation time in the rotating frame (T1pH) studies showed that up to 160 o C the PS undergoes at least 2 different modes of motion, while at 95 o C a change from asymmetric to axially symmetric in the CSA pattern of the aromatic ring 13C-{1H} resonances revealed that the conformations of the phenyl rings are effectively locked below that temperature.
700 ## - ADDED ENTRY--PERSONAL NAME
Personal name Chudek John A
700 ## - ADDED ENTRY--PERSONAL NAME
Personal name Hunter Geoffrey
942 ## - ADDED ENTRY ELEMENTS (KOHA)
Koha item type Journals
Holdings
Withdrawn status Lost status Damaged status Not for loan Home library Current library Shelving location Date acquired Serial Enumeration / chronology Koha item type
      Journals RRII Library RRII Library Rubber chemistry 17/12/2021 Volume 2, Issue 3 Journals